[Event "Cairo Al Ain op"]
[Site "Cairo"]
[Date "2023.11.30"]
[Round "6"]
[White "Seif Elnasr, Alaa"]
[Black "Ezat, Mohamed Mahmoud"]
[Result "1-0"]
[WhiteElo "1968"]
[BlackElo "2371"]
[PlyCount "55"]
[EventDate "2023.11.27"]
[EventType "swiss"]
[EventRounds "10"]
[EventCountry "EGY"]
[SourceTitle "CB49_2023"]
[SourceDate "2023.12.06"]
[SourceVersion "1"]
[SourceVersionDate "2023.12.06"]
[SourceQuality "1"]

1. e4 c6 2. c4 e5 3. Nf3 d6 4. d4 Bg4 5. dxe5 Bxf3 6. Qxf3 dxe5 7. Qb3 Qc7 8. Be3 Nd7 9. Nd2 Ngf6 10. Be2 Bc5 11. g4 Qa5 12. 0-0 Qc7 13. g5 Ng8 14. Bg4 Be7 15. f4 h6 16. g6 fxg6 17. fxe5 Nxe5 18. Be6 Nf6 19. Nf3 Rd8 20. Rad1 Nxf3+ 21. Rxf3 Rxd1+ 22. Qxd1 Qe5 23. Rxf6 Bd6 24. Bf7+ Kd7 25. Rf2 Ke7 26. Bf4 Qc5 27. Bxd6+ Qxd6 28. Qxd6+ 1-0